logo

Bir Sreshtho Munshi Abdur Rouf Library
Jhenaidah Cadet College

Chemistry / (Record no. 9217)

MARC details
000 -LEADER
fixed length control field 00660nam a2200253 a 4500
001 - CONTROL NUMBER
JCCL Control Number 9217
003 - CONTROL NUMBER IDENTIFIER
JCCL marc code BD-JhCC
005 - DATE AND TIME OF LATEST TRANSACTION
control field 20180521101631.0
008 - FIXED-LENGTH DATA ELEMENTS--GENERAL INFORMATION
fixed length control field 180311r19571961xxu |||| |||| 001 0 eng d
035 ## - SYSTEM CONTROL NUMBER
system control number (BD-JhCC)9217
040 ## - CATALOGING SOURCE
Original cataloging agency BD-JhCC
Modifying agency BD-JhCC
041 ## - LANGUAGE CODE
Language code of Book eng
082 ## - DEWEY DECIMAL CLASSIFICATION NUMBER
DDC Edition number 2
Classification number 540
Author mark and Year SIE 1961
100 ## - MAIN ENTRY--PERSONAL NAME
Personal name J. Sienko,Michell
245 ## - TITLE STATEMENT
Title Chemistry /
Statement of responsibility, etc Michell J. Sienko and Robert A. Plane
250 ## - EDITION STATEMENT
Edition statement 2nd edu.
260 ## - PUBLICATION, DISTRIBUTION, ETC. (IMPRINT)
Place of publication, distribution, etc America:
Name of publisher, distributor, etc McGraw-Hill Book Company,
Date of publication, distribution, etc 1961.
300 ## - PHYSICAL DESCRIPTION
Pagination 623 p.:
Other physical details ill. ;
Dimensions 22 cm.
504 ## - BIBLIOGRAPHY, ETC. NOTE
Bibliography, etc Include Index
650 ## - SUBJECT ADDED ENTRY--TOPICAL TERM
Topical term or geographic name as entry element Chemistry
700 ## - ADDED ENTRY--PERSONAL NAME
Personal name Plane, Robert A.
942 ## - ADDED ENTRY ELEMENTS (KOHA)
Source of classification or shelving scheme Dewey Decimal Classification
Koha item type Books
Holdings
Source of classification or shelving scheme Damaged status Not for loan Home library Current library Shelving location Date of accession Total Checkouts Full call number Barcode Date last seen Copy number Koha item type
Dewey Decimal Classification     JCC Rouf Library JCC Rouf Library General Stacks 03/11/2018   540 SIE 1961 11601 03/11/2018 C-1 Books

JCC Library | Contacts | JCC Home

Last Update on 23 September 2017
Copyright @ 2017-2020 JCC Rouf Library
Rouf Library, Jhenidah Cadet College (JCC), Bangladesh